Consumer protection and legal control / (Record no. 126744)
[ view plain ]
| 000 -LEADER | |
|---|---|
| fixed length control field | 00716nam a22002297a 4500 |
| 005 - DATE AND TIME OF LATEST TRANSACTION | |
| control field | 20170124110014.0 |
| 010 ## - LIBRARY OF CONGRESS CONTROL NUMBER | |
| LC control number | A-348925 |
| 020 ## - INTERNATIONAL STANDARD BOOK NUMBER | |
| Terms of availability | 60.00 |
| 035 ## - SYSTEM CONTROL NUMBER | |
| System control number | A-348925 |
| 037 ## - SOURCE OF ACQUISITION | |
| Source of stock number/acquisition | Cen Lib/Ret |
| 040 ## - CATALOGING SOURCE | |
| Original cataloging agency | DPL |
| Language of cataloging | EN |
| 082 ## - DEWEY DECIMAL CLASSIFICATION NUMBER | |
| Classification number | 344 |
| Item number | CON |
| 245 ## - TITLE STATEMENT | |
| Title | Consumer protection and legal control / |
| Statement of responsibility, etc | edited by P.Leelakrishnan |
| 260 ## - PUBLICATION, DISTRIBUTION, ETC. (IMPRINT) | |
| Place of publication, distribution, etc | Lucknow |
| Name of publisher, distributor, etc | Eastern book company |
| 270 ## - ADDRESS | |
| Address | 34,Lal Bagh |
| City | Lucknow |
| Postal code | 226001 |
| 300 ## - PHYSICAL DESCRIPTION | |
| Extent | xiv,332p. |
| Dimensions | 20cm(Hb) |
| 500 ## - GENERAL NOTE | |
| General note | Includes bibliographical reference and index |
| 650 ## - SUBJECT ADDED ENTRY--TOPICAL TERM | |
| Topical term or geographic name as entry element | Consumer protection |
| Geographic subdivision | India |
| 9 (RLIN) | 18364 |
| 650 ## - SUBJECT ADDED ENTRY--TOPICAL TERM | |
| Topical term or geographic name as entry element | Consumer protection--Law and legislation |
| 9 (RLIN) | 18365 |
| 700 ## - ADDED ENTRY--PERSONAL NAME | |
| Personal name | P.Leelakrishnan |
| 9 (RLIN) | 18366 |
| 942 ## - ADDED ENTRY ELEMENTS (KOHA) | |
| Source of classification or shelving scheme | Dewey Decimal Classification |
| Koha item type | English Books |
| Classification part | 344 |
| Call number suffix | CON |
| Withdrawn status | Lost status | Damaged status | Not for loan | Home library | Current library | Date acquired | Source of acquisition | Cost, normal purchase price | Total Checkouts | Total Renewals | Full call number | Barcode | Date last seen | Date checked out | Copy number | Cost, replacement price | Price effective from | Koha item type |
|---|---|---|---|---|---|---|---|---|---|---|---|---|---|---|---|---|---|---|
| Central Library | Central Library | 26/06/2015 | Cen Lib/Ret | 60.00 | 1 | 1 | 344 CON | A-348925 | 03/10/2025 | 06/09/2025 | 1 | 60.00 | 26/06/2015 | English Books |
